[Event "IECC Swiss-567.4"]
[Site "IECC email"]
[Date "2014.10.02"]
[Round "?"]
[White "Klutz, Joseph"]
[Black "Humphreys, Bill"]
[Result "1/2-1/2"]
[WhiteElo "1229"]
[BlackElo "1236"]
[PlyCount "57"]
[EventDate "2014.??.??"]
[EventType "swiss (corr)"]
[EventRounds "1"]
[SourceTitle "Corr 2020"]
[Source "ChessBase"]
[SourceDate "2019.09.30"]
[SourceVersion "1"]
[SourceVersionDate "2019.09.30"]
[SourceQuality "1"]
[WhiteTeam "United States"]
[BlackTeam "United States"]
[WhiteTeamCountry "USA"]
[BlackTeamCountry "USA"]

1. d4 f5 2. g3 Nf6 3. Bg2 c6 4. Nh3 d5 5. 0-0 e6 6. Bf4 Be7 7. Nd2 0-0 8. f3 Nbd7 9. c3 c5 10. Bg5 c4 11. e4 h6 12. Bxf6 Nxf6 13. e5 Nh7 14. Nf4 Bg5 15. Ng6 Rf7 16. f4 Be7 17. Nf3 Nf8 18. Nxe7+ Qxe7 19. h4 Bd7 20. Rf2 a5 21. Bf1 b5 22. a3 a4 23. Be2 Qd8 24. Rh2 Be8 25. Kf2 Nh7 26. h5 Rf8 27. Nh4 Bf7 28. Ng6 Re8 29. Ke3 1/2-1/2

[Event "IECC CL6-2011.03 email"]
[Site "IECC email"]
[Date "2011.03.09"]
[Round "?"]
[White "Von Rosenberg, Clemens"]
[Black "Klutz, Joseph"]
[Result "1-0"]
[WhiteElo "1373"]
[BlackElo "1283"]
[PlyCount "43"]
[EventDate "2011.??.??"]
[EventType "tourn (corr)"]
[EventRounds "4"]
[SourceTitle "Telechess CBM 145"]
[Source "Chessbase"]
[SourceDate "2011.11.11"]
[SourceVersion "1"]
[SourceVersionDate "2011.11.11"]
[SourceQuality "1"]
[WhiteTeam "Germany"]
[BlackTeam "US of America"]
[WhiteTeamCountry "GER"]
[BlackTeamCountry "USA"]

1. e4 c5 2. Nf3 e6 3. d4 cxd4 4. Nxd4 Nf6 5. Nc3 d6 6. Be2 Nc6 7. 0-0 Be7 8. Be3 0-0 9. f4 e5 10. Nb3 exf4 11. Rxf4 Be6 12. Qd2 d5 13. exd5 Nxd5 14. Nxd5 Qxd5 15. Qxd5 Bxd5 16. c4 Be6 17. Nc5 Bxc5 18. Bxc5 Rfd8 19. b3 b6 20. Bf2 Rd2 21. Bf3 a6 22. Bxc6 1-0

[Event "IECC CL6-2009.14 email"]
[Site "IECC email"]
[Date "2009.07.23"]
[Round "?"]
[White "Klutz, Joseph"]
[Black "King, Joseph Lawrence"]
[Result "1/2-1/2"]
[WhiteElo "1287"]
[BlackElo "1211"]
[PlyCount "23"]
[EventDate "2009.??.??"]
[EventType "tourn (corr)"]
[EventRounds "4"]
[SourceTitle "Corr 2013"]
[Source "ChessBase"]
[SourceDate "2012.11.12"]
[SourceVersion "1"]
[SourceVersionDate "2012.11.12"]
[SourceQuality "1"]
[WhiteTeam "Italy"]
[BlackTeam "Germany"]
[WhiteTeamCountry "ITA"]
[BlackTeamCountry "GER"]

1. d4 Nf6 2. c4 e6 3. Nf3 b6 4. Bg5 Bb7 5. e3 h6 6. Bh4 Be7 7. Nc3 c5 8. dxc5 bxc5 9. Qc2 0-0 10. Be2 d6 11. 0-0 a6 12. Rfd1 1/2-1/2

[Event "IECC KO email"]
[Site "IECC email"]
[Date "2002.06.14"]
[Round "?"]
[White "Klutz, Joseph"]
[Black "Soldini, Paolo"]
[Result "0-1"]
[WhiteElo "1387"]
[BlackElo "1568"]
[PlyCount "80"]
[EventDate "2002.??.??"]
[EventType "tourn (corr)"]
[EventRounds "6"]
[SourceTitle "Corr 2008"]
[Source "ChessBase"]
[SourceDate "2008.06.24"]
[SourceVersion "1"]
[SourceVersionDate "2008.06.24"]
[SourceQuality "1"]

1. d4 d5 2. Nf3 Nf6 3. Bg5 Ne4 4. Bh4 Qd6 5. Nbd2 Qb6 6. Qc1 Nxd2 7. Nxd2 Qxd4 8. Nf3 Qb6 9. Bg3 Bg4 10. Ne5 Bh5 11. e3 f6 12. Nf3 e5 13. c3 Nd7 14. Qd2 Nc5 15. Be2 e4 16. Nd4 Bxe2 17. Kxe2 0-0-0 18. b4 Qa6+ 19. b5 Qa4 20. Kf1 Qc4+ 21. Kg1 Na4 22. h3 Ba3 23. Kh2 Bb2 24. Rab1 Bxc3 25. Qe2 Bxd4 26. Qg4+ Rd7 27. exd4 h5 28. Qe6 Qxd4 29. Rhc1 Nc5 30. Qf5 h4 31. Bf4 Qxf2 32. a4 Re8 33. a5 Re5 34. Rf1 Rxf5 35. Rxf2 Nd3 36. Rc2 Rxf4 37. b6 axb6 38. axb6 c5 39. Ra1 Rd6 40. Ra8+ Kd7 0-1

[Event "IECC Swiss email"]
[Site "IECC email"]
[Date "2001.05.25"]
[Round "?"]
[White "Klutz, Joseph"]
[Black "Jonsson, Gudbrandur"]
[Result "0-1"]
[WhiteElo "1454"]
[BlackElo "1403"]
[PlyCount "43"]
[EventDate "2001.??.??"]
[EventType "tourn (corr)"]
[EventRounds "6"]
[SourceTitle "Corr 2008"]
[Source "ChessBase"]
[SourceDate "2008.06.24"]
[SourceVersion "1"]
[SourceVersionDate "2008.06.24"]
[SourceQuality "1"]

1. d4 d5 2. Nf3 Nf6 3. Bg5 Ne4 4. Bh4 Nc6 5. e3 Bg4 6. c3 g5 7. Bg3 Bg7 8. Nbd2 Nxd2 9. Qxd2 Bxf3 10. gxf3 e5 11. dxe5 Nxe5 12. Bxe5 Bxe5 13. 0-0-0 c6 14. Bd3 Qf6 15. Qe2 a5 16. Rdg1 b5 17. Bxb5 cxb5 18. Qxb5+ Kf8 19. Qxd5 Ra7 20. Qc5+ Re7 21. h4 gxh4 22. f4 0-1

[Event "IECC Trio 734 email"]
[Site "IECC email"]
[Date "1999.04.28"]
[Round "?"]
[White "Klutz, Joseph"]
[Black "Ringel, George"]
[Result "1/2-1/2"]
[WhiteElo "1436"]
[BlackElo "1549"]
[PlyCount "125"]
[EventDate "1999.??.??"]
[EventType "tourn (corr)"]
[EventRounds "4"]
[SourceTitle "Corr 2008"]
[Source "ChessBase"]
[SourceDate "2008.06.24"]
[SourceVersion "1"]
[SourceVersionDate "2008.06.24"]
[SourceQuality "1"]

1. d4 Nf6 2. Nf3 e6 3. Bg5 Be7 4. Nbd2 d5 5. e3 c5 6. c3 0-0 7. Be2 Nbd7 8. 0-0 b6 9. Bd3 Bb7 10. Ne5 h6 11. Bh4 Rc8 12. f4 Ne4 13. Bxe7 Qxe7 14. Nxe4 dxe4 15. Nxd7 Qxd7 16. Be2 Rfd8 17. Qb3 cxd4 18. cxd4 Qe7 19. Rac1 Bd5 20. Bc4 Ba8 21. Rc2 Rd7 22. Rfc1 Rdc7 23. Bf1 Bd5 24. Rxc7 Rxc7 25. Rxc7 Qxc7 26. Qc3 Qe7 27. b3 Qa3 28. Qc2 a5 29. f5 a4 30. Bc4 Bxc4 31. Qxc4 Qxa2 32. Qxa4 Qb1+ 33. Kf2 Qc2+ 34. Kg3 exf5 35. Qe8+ Kh7 36. Qxf7 Qc8 37. h4 Qb8+ 38. Kh3 Qc8 39. Kg3 Qb8+ 40. Kf2 Qc8 41. b4 Kh8 42. b5 Qc2+ 43. Kg3 Qd3 44. Qf8+ Kh7 45. Qxf5+ Kh8 46. Qf4 Kh7 47. Kh3 Kg8 48. Kg3 Kh7 49. Kh3 Kg8 50. g4 Kh7 51. g5 hxg5 52. Qxg5 Qf1+ 53. Kh2 Qf2+ 54. Kh1 Qf3+ 55. Kg1 Qd1+ 56. Kf2 Qf3+ 57. Ke1 Qh1+ 58. Kd2 Qh2+ 59. Kc3 Qc7+ 60. Kb4 Qc2 61. h5 Kh8 62. h6 Qb1+ 63. Kc4 1/2-1/2

[Event "IECC KO email"]
[Site "IECC email"]
[Date "1999.02.15"]
[Round "1"]
[White "Jasmin, Richard"]
[Black "Klutz, Joseph"]
[Result "1-0"]
[WhiteElo "1243"]
[BlackElo "1486"]
[PlyCount "37"]
[EventDate "1999.??.??"]
[EventType "tourn (corr)"]
[EventRounds "6"]
[SourceTitle "Corr 2008"]
[Source "ChessBase"]
[SourceDate "2008.06.24"]
[SourceVersion "1"]
[SourceVersionDate "2008.06.24"]
[SourceQuality "1"]

1. e4 Nc6 2. Nf3 d6 3. d4 Nf6 4. Nc3 Bg4 5. d5 Ne5 6. Be2 Nxf3+ 7. Bxf3 Bxf3 8. Qxf3 g6 9. Qh3 Bg7 10. 0-0 0-0 11. Bg5 Qd7 12. Qe3 Kh8 13. Rfe1 Ng8 14. Rad1 c5 15. Bf4 b5 16. e5 Rae8 17. b3 a6 18. a4 Ra8 19. Ne4 1-0

[Event "IECC KO email"]
[Site "IECC email"]
[Date "1999.02.15"]
[Round "1"]
[White "Klutz, Joseph"]
[Black "Jasmin, Richard"]
[Result "0-1"]
[WhiteElo "1486"]
[BlackElo "1243"]
[PlyCount "36"]
[EventDate "1999.??.??"]
[EventType "tourn (corr)"]
[EventRounds "6"]
[SourceTitle "Corr 2008"]
[Source "ChessBase"]
[SourceDate "2008.06.24"]
[SourceVersion "1"]
[SourceVersionDate "2008.06.24"]
[SourceQuality "1"]

1. d4 d5 2. Nf3 Nf6 3. Bg5 Ne4 4. Bf4 c5 5. c3 Nc6 6. Nbd2 f6 7. e3 e5 8. dxe5 g5 9. Bg3 Nxg3 10. hxg3 g4 11. Nh4 Nxe5 12. Qc2 Be6 13. Bb5+ Kf7 14. f4 gxf3 15. gxf3 c4 16. Qb1 Qb6 17. Ng2 Nd3+ 18. Ke2 Qxb5 0-1